Welcome to CU Library Online Public Access Catalogue (OPAC)

A surgeon's book of hope / (Record no. 3747)

MARC details
000 -LEADER
fixed length control field 00628cam a2200205 i 4500
001 - CONTROL NUMBER
control field 2771601
005 - DATE AND TIME OF LATEST TRANSACTION
control field 20250209135430.0
008 - FIXED-LENGTH DATA ELEMENTS--GENERAL INFORMATION
fixed length control field 800516s1980 nyu 000 0aeng
020 ## - INTERNATIONAL STANDARD BOOK NUMBER
International Standard Book Number 0698110447
050 00 - LIBRARY OF CONGRESS CALL NUMBER
Classification number RD27.35.N64
Item number A36 1980
082 00 - DEWEY DECIMAL CLASSIFICATION NUMBER
Classification number 617/.092/4
-- B
100 1# - MAIN ENTRY--PERSONAL NAME
Personal name Nolen, William A.,
Dates associated with a name 1928-1986.
245 12 - TITLE STATEMENT
Title A surgeon's book of hope /
Statement of responsibility, etc. William A. Nolen.
260 ## - PUBLICATION, DISTRIBUTION, ETC.
Place of publication, distribution, etc. New York :
Name of publisher, distributor, etc. Coward, McCann & Geoghegan,
Date of publication, distribution, etc. c1980.
300 ## - PHYSICAL DESCRIPTION
Extent 252 p. ;
Dimensions 24 cm.
650 #0 - SUBJECT ADDED ENTRY--TOPICAL TERM
Topical term or geographic name entry element Surgeons
Geographic subdivision Minnesota
-- Litchfield
Form subdivision Biography.
650 #0 - SUBJECT ADDED ENTRY--TOPICAL TERM
Topical term or geographic name entry element Surgery
Form subdivision Case studies.
650 #2 - SUBJECT ADDED ENTRY--TOPICAL TERM
Topical term or geographic name entry element Surgery
Form subdivision Personal narratives.
942 ## - ADDED ENTRY ELEMENTS (KOHA)
Source of classification or shelving scheme Library of Congress Classification
Koha item type Books
Suppress in OPAC No
999 ## -
-- 3747
-- 3747
Holdings
Withdrawn status Lost status Source of classification or shelving scheme Damaged status Not for loan Collection Home library Current library Shelving location Date acquired Total checkouts Full call number Barcode Date last seen Copy number Price effective from Koha item type
    Library of Congress Classification     Non-fiction Science Library (Miotso) Science Library (Miotso) General stacks 02/09/2025   RD27.35 .N64A36 NOL SLM00003365 02/09/2025 1 02/09/2025 Books
© 2023-2024 Copyright: Central University Libraries. All Rights Reserved | Created by: Mahone Tech Office